| 000 | 00770nam a2200217 a 4500 | ||
|---|---|---|---|
| 001 | 000025986 | ||
| 005 | 20260202091015.0 | ||
| 008 | 110225s2005 dr a 001 0 spa d | ||
| 020 | _a994500042X | ||
| 040 |
_aDO-SdBNP _bspa _cBNPHU |
||
| 082 |
_a302.2 _bC758p |
||
| 100 | 1 |
_aConsuegra, Olga, _d1962- _927239 |
|
| 245 | 1 | 3 |
_aLa palabra hablada : _bla joya de la corona, técnicas de la comunicación para alcanzar el éxito / _cOlga Consuegra. |
| 260 |
_aSanto Domingo : _bManatí, _c2005 _c2005. |
||
| 300 |
_a174 p. : _bil. ; _c21 cm. |
||
| 590 | _aInventariado, 2018/BT | ||
| 650 | 0 |
_aRelaciones humanas _9606 |
|
| 650 | 4 |
_aComunicación interpersonal _921034 |
|
| 650 | 4 |
_aComunicación _xAspectos psicológicos _927025 |
|
| 910 | _aValidado. Control de la calidad. EMS | ||
| 999 |
_c25478 _d25478 |
||